Sosyal Sigortalar Kurumu istatistik yıllığı 1988 (Record no. 2406)

MARC details
000 -BAŞLIK
Sabit Uzunlukta Kontrol Alanı 01129na a2200301 4500
001 - KONTROL NUMARASI
Denetim Alanı 15454
003 - KONTROL NUMARASI IDENTIFIER
Denetim Alanı MIRAKIL
005 - SON İŞLEM TARİHİ VE ZAMANI
Denetim Alanı 20181213154856.0
008 - SABİT-BOY VERİ ELEMANLARI - GENEL BİLGİLER
Sabit Uzunlukta Kontrol Alanı 161006b tu 000 0
035 ## - SİSTEM KONTROL NUMARASI
Sistem Kontrol Numarası 15454
040 ## - KATALOGLAMA KAYNAK
Orijinal Kataloglama Ajansı Milas
Kataloglama Dili tur
Metne Dönüştürmek Ajansı TR-AnCHP
041 ## - DİL KODU
Metin / Ses Parça Veya Ayrı Başlığın Dil Kodu tur
-- eng
082 ## - DEWEY ONLU SINIFLANDIRMA NUMARASI
Sınıflandırma Numarası 368.409561021
Ürün Numarası S74s [1989]
090 ## - SINIFLAMA NUMARASI
Sınıflama Numarası 368.409561021 S74s [1989]
110 ## - ANA GİRİŞ - KURUMSAL ADI
Giriş Elemanı Olarak Kurumsal Ad Veya Yargı Alanı Adı SSK Genel Müdürlüğü
222 ## - ANAHTAR ADI
Anahtar Başlık İstatistik yıllığı
245 ## - BAŞLIK TABLOSU
Başlık Sosyal Sigortalar Kurumu istatistik yıllığı 1988
Başlığın Kalan annual statistic of social ınsurance institution
Sorumluluk Tablosu, Vb SSK Genel Müdürlüğü
246 ## - UNVAN FORM VARYING
Başlık Doğru / Kısa Başlığı 1988 annual statistic of social ınsurance institution
260 ## - YAYIN, DAĞITIM, VB
Yayın, Dağıtım, Vb Yeri Ankara
Yayıncı, Dağıtıcı, Vs Adı SSK Genel Müdürlüğü
Yayın, Dağıtım, Vb Tarihi [1989]
300 ## - FİZİKSEL TANIM
Kapsam 168 s.
Diğer Fiziksel Ayrıntıları tbl. , grf.
Boyutlar 25 sm.
490 ## - SERİSİ TABLOSU
Seri Beyanı Sosyal Sigortalar Kurumu Genel Müdürlüğü
Hacim / Ardışık Tanımı 508
500 ## - GENEL NOT
Genel Not Kurumun yeni adı: Sosyal Güvenlik Kurumu (SGK)
500 ## - GENEL NOT
Genel Not Metinler Türkçe-İngilizce karşılıklıdır.
650 ## - KONU KATMA GİRİŞ - TOPİKAL DÖNEM
Topikal Süreli Veya Coğrafi Ad Giriş Elemanı Sosyal güvenlik
Genel Alt Bölümü İstatistikler
Coğrafi Alt Bölümü Türkiye
650 ## - KONU KATMA GİRİŞ - TOPİKAL DÖNEM
Topikal Süreli Veya Coğrafi Ad Giriş Elemanı İstatistikler
Genel Alt Bölümü Yıllıklar
Kronolojik Alt Bölümü Türkiye
651 ## - KONU KATMA GİRİŞ - COĞRAFİ ADI
Coğrafi İsim Türkiye
Genel Alt Bölümü SSK
Kronolojik Alt Bölümü 1988
Coğrafi Alt Bölümü İstatistikler
942 ## - EKLENDİ GİRİŞ ELEMANLARI (KOHA)
Sınıflandırma Veya Raf Düzeni Kaynak Dewey Decimal Classification
Koha Öğesi Türü Books
999 ## - SİSTEM KONTROL NUMARALARI (KOHA)
Koha Biblionumber 2406
Koha Biblioitemnumber 2406
Holdings
Kalıcı Konum Mevcut Konum Edinme Tarihi Edinim Kaynak Toplam Check-Out'Lar Tam Çağrı Numarası Barkod Tarih Son Görülme İtibaren Geçerli Fiyatlar Koha Öğesi Türü
CHP Kütüphanesi CHP Kütüphanesi 09/09/2016 Bağış   368.409561021 S74s [1989] 003869 09/09/2016 09/09/2016 Books